000 00676cam a22002293a 4500
001 22491
003 PGUSA
005 20140828083458.0
008 070902s2007||||xxu|||||s|||||000 | eng d
040 _aPGUSA
_beng
042 _adc
050 4 _aDT
100 1 _aMarlys, Jean
245 1 0 _aHoe ik een week te Fez doorbracht :
_bDe Aarde en haar Volken, 1908
_h[electronic resource] /
_cJean Marlys
260 _bProject Gutenberg,
_c2007
506 _aPublic domain in the USA.
516 _aElectronic text
653 _aFès (Morocco) -- Description and travel
830 0 _aProject Gutenberg
_v22491
856 4 0 _uhttp://www.gutenberg.org/ebooks/22491
942 _cEB
999 _c251746
_d251746